Water supply and pollution control / (Record no. 11409)
[ view plain ]
| 000 -LEADER | |
|---|---|
| fixed length control field | 01132cac a22003375a 4500 |
| 001 - CONTROL NUMBER | |
| control field | 13527756 |
| 005 - DATE AND TIME OF LATEST TRANSACTION | |
| control field | 20150825143342.0 |
| 008 - FIXED-LENGTH DATA ELEMENTS--GENERAL INFORMATION | |
| fixed length control field | 040318t2009 njuab b 001 0 eng |
| 010 ## - LIBRARY OF CONGRESS CONTROL NUMBER | |
| LC control number | 2004045395 |
| 020 ## - INTERNATIONAL STANDARD BOOK NUMBER | |
| International Standard Book Number | 0136068286 |
| 020 ## - INTERNATIONAL STANDARD BOOK NUMBER | |
| International Standard Book Number | 9780136068280 |
| 040 ## - CATALOGING SOURCE | |
| Original cataloging agency | DLC |
| Language of cataloging | eng |
| Transcribing agency | DLC |
| Modifying agency | EG-ScBUE |
| 042 ## - AUTHENTICATION CODE | |
| Authentication code | pcc |
| 050 00 - LIBRARY OF CONGRESS CALL NUMBER | |
| Classification number | TD353 |
| Item number | .V54 2005 |
| 082 04 - DEWEY DECIMAL CLASSIFICATION NUMBER | |
| Classification number | 628.1 |
| Item number | WAT |
| Edition number | 22 |
| 245 #0 - TITLE STATEMENT | |
| Title | Water supply and pollution control / |
| Statement of responsibility, etc | Warren Viessman,...[et. al.] |
| 250 ## - EDITION STATEMENT | |
| Edition statement | 8th ed. |
| 260 ## - PUBLICATION, DISTRIBUTION, ETC. (IMPRINT) | |
| Place of publication, distribution, etc | Upper saddle river: |
| Name of publisher, distributor, etc | Pearson Prentice Hall, |
| Date of publication, distribution, etc | c.2009 |
| 300 ## - PHYSICAL DESCRIPTION | |
| Extent | 861 p. : |
| Other physical details | ill.; |
| Dimensions | 25 cm. |
| 500 ## - GENERAL NOTE | |
| General note | Index : p.847-861. |
| 504 ## - BIBLIOGRAPHY, ETC. NOTE | |
| Bibliography, etc | Bibliography :p.834-836. |
| 590 ## - LOCAL NOTE (RLIN) | |
| Local note | doha |
| 650 #0 - SUBJECT ADDED ENTRY--TOPICAL TERM | |
| Topical term or geographic name as entry element | Water-supply |
| General subdivision | Management. |
| 9 (RLIN) | 4160 |
| Source of heading or term | BUEsh |
| 650 #0 - SUBJECT ADDED ENTRY--TOPICAL TERM | |
| Topical term or geographic name as entry element | Water |
| General subdivision | Purification. |
| 9 (RLIN) | 4161 |
| Source of heading or term | BUEsh |
| 650 #0 - SUBJECT ADDED ENTRY--TOPICAL TERM | |
| Topical term or geographic name as entry element | Sewage |
| General subdivision | Purification. |
| 9 (RLIN) | 4162 |
| Source of heading or term | BUEsh |
| 651 ## - SUBJECT ADDED ENTRY--GEOGRAPHIC NAME | |
| Source of heading or term | BUEsh |
| 653 ## - INDEX TERM--UNCONTROLLED | |
| Resource For college | Engineering, General |
| Arrived date list | October2012 |
| -- | August2015 |
| 700 ## - ADDED ENTRY--PERSONAL NAME | |
| Personal name | Viessman,Warren |
| 942 ## - ADDED ENTRY ELEMENTS (KOHA) | |
| Source of classification or shelving scheme | Dewey Decimal Classification |
| Item type | Book - Borrowing |
| Withdrawn status | Item status | Source of classification or shelving scheme | Damaged status | Not for loan | Vendor | Home library | Current library | Shelving location | Date acquired | Source of acquisition | Cost, normal purchase price | Serial Enumeration / chronology | Total Checkouts | Total Renewals | Full call number | Barcode | Date last seen | Date last borrowed | Koha item type |
|---|---|---|---|---|---|---|---|---|---|---|---|---|---|---|---|---|---|---|---|
| Dewey Decimal Classification | Alahram | Central Library | Central Library | First floor | 23/04/2009 | 225.00 | 372 | 1 | 6 | 628.1 WAT | 000015993 | 15/07/2025 | 20/10/2011 | Book - Borrowing | |||||
| Dewey Decimal Classification | Baccah | Central Library | Central Library | First floor | 08/11/2009 | 1 | 628.1 WAT | 000018887 | 15/07/2025 | 01/12/2010 | Book - Borrowing | ||||||||
| Dewey Decimal Classification | Baccah | Central Library | Central Library | First floor | 08/11/2009 | 628.1 WAT | 000018888 | 15/07/2025 | NB - Book (Non borrowing) | ||||||||||
| Dewey Decimal Classification | Baccah | Central Library | Central Library | First floor | 28/10/2010 | 1 | 1 | 628.1 WAT | 000021798 | 15/07/2025 | 11/12/2014 | Book - Borrowing | |||||||
| Dewey Decimal Classification | Baccah | Central Library | Central Library | First floor | 02/10/2012 | Purchase | 628.1 WAT | 000027528 | 15/07/2025 | Book - Borrowing | |||||||||
| Dewey Decimal Classification | Baccah | Central Library | Central Library | First floor | 02/10/2012 | Purchase | 4 | 40 | 628.1 WAT | 000027529 | 15/07/2025 | 05/03/2017 | Book - Borrowing |